[Event "Russiarapdwomen"]
[Site "?"]
[Date "2016.10.03"]
[Round "7.1"]
[White "Pogonina, Natalija"]
[Black "Vasilevich, Irina"]
[Result "1-0"]
[LiveChessVersion "1.4.4"]
[BlackElo "2230"]
[WhiteElo "2458"]

1. d4 {[%clk 0:15:17]} Nf6 {[%clk 0:15:05]} 2. c4 {[%clk 0:15:24]} Nc6
{[%clk 0:14:45]} 3. Nf3 {[%clk 0:14:40]} e6 {[%clk 0:14:52]} 4. g3
{[%clk 0:14:27]} Bb4+ {[%clk 0:14:28]} 5. Bd2 {[%clk 0:13:24]} Bxd2+
{[%clk 0:14:26]} 6. Nbxd2 {[%clk 0:13:31]} d6 {[%clk 0:14:28]} 7. Bg2
{[%clk 0:13:32]} O-O {[%clk 0:14:22]} 8. O-O {[%clk 0:13:38]} e5 {[%clk 0:14:05]}
9. d5 {[%clk 0:13:14]} Nb8 {[%clk 0:12:50]} 10. Ne1 {[%clk 0:13:14]} a5
{[%clk 0:12:38]} 11. Nd3 {[%clk 0:13:11]} b6 {[%clk 0:12:14]} 12. b3
{[%clk 0:12:42]} Nbd7 {[%clk 0:11:54]} 13. a3 {[%clk 0:12:16]} Qe7
{[%clk 0:10:22]} 14. e4 {[%clk 0:12:00]} Nc5 {[%clk 0:10:09]} 15. Nb2
{[%clk 0:11:46]} Ne8 {[%clk 0:06:17]} 16. b4 {[%clk 0:10:52]} Nd7
{[%clk 0:05:59]} 17. Qc2 {[%clk 0:09:53]} g6 {[%clk 0:06:08]} 18. Nd3
{[%clk 0:09:27]} f5 {[%clk 0:06:03]} 19. c5 {[%clk 0:08:49]} bxc5
{[%clk 0:05:42]} 20. bxc5 {[%clk 0:08:57]} Ba6 {[%clk 0:05:51]} 21. c6
{[%clk 0:07:56]} Bxd3 {[%clk 0:05:20]} 22. Qxd3 {[%clk 0:08:04]} Nc5
{[%clk 0:05:30]} 23. Qc4 {[%clk 0:08:06]} f4 {[%clk 0:05:02]} 24. Nb3
{[%clk 0:07:30]} Nxb3 {[%clk 0:04:43]} 25. Qxb3 {[%clk 0:07:38]} Nf6
{[%clk 0:04:34]} 26. Rab1 {[%clk 0:05:46]} g5 {[%clk 0:04:37]} 27. Qc2
{[%clk 0:05:44]} Qg7 {[%clk 0:04:21]} 28. Rfe1 {[%clk 0:03:14]} Qh6
{[%clk 0:04:09]} 29. h3 {[%clk 0:02:39]} g4 {[%clk 0:03:07]} 30. h4
{[%clk 0:01:53]} Nh5 {[%clk 0:03:10]} 31. Qd2 {[%clk 0:02:00]} Rf6
{[%clk 0:02:49]} 32. Rb2 {[%clk 0:01:27]} fxg3 {[%clk 0:01:56]} 33. fxg3
{[%clk 0:01:30]} Qxd2 {[%clk 0:01:47]} 34. Rxd2 {[%clk 0:01:38]} Nxg3
{[%clk 0:01:55]} 35. Rb1 {[%clk 0:01:42]} Kg7 {[%clk 0:01:08]} 36. Rb7
{[%clk 0:01:47]} Rf7 {[%clk 0:01:06]} 37. Rf2 {[%clk 0:01:02]} Re7
{[%clk 0:01:15]} 38. Kh2 {[%clk 0:00:44]} Nh5 {[%clk 0:01:23]} 39. Rf5
{[%clk 0:00:53]} Nf6 {[%clk 0:01:13]} 40. Rg5+ {[%clk 0:00:37]} Kf7
{[%clk 0:01:13]} 41. Rf5 {[%clk 0:00:38]} h6 {[%clk 0:01:10]} 42. Kg3
{[%clk 0:00:37]} Kg6 {[%clk 0:01:05]} 43. Rb1 {[%clk 0:00:23]} Rf8
{[%clk 0:00:54]} 44. Kh2 {[%clk 0:00:19]} Ref7 {[%clk 0:00:55]} 45. Rb7
{[%clk 0:00:20]} Ra8 {[%clk 0:00:40]} 46. Kg1 {[%clk 0:00:20]} Rg7
{[%clk 0:00:31]} 47. Kf2 {[%clk 0:00:24]} Nh5 {[%clk 0:00:33]} 48. Bf1
{[%clk 0:00:26]} Nf4 {[%clk 0:00:38]} 49. Kg3 {[%clk 0:00:29]} Kh7
{[%clk 0:00:34]} 50. Bc4 {[%clk 0:00:24]} h5 {[%clk 0:00:29]} 51. Bf1
{[%clk 0:00:29]} Kg6 {[%clk 0:00:29]} 52. Rg5+ {[%clk 0:00:35]} Kh6
{[%clk 0:00:36]} 53. Rxg7 {[%clk 0:00:43]} Kxg7 {[%clk 0:00:45]} 54. Rxc7+
{[%clk 0:00:52]} Kf8 {[%clk 0:00:46]} 55. Rb7 {[%clk 0:00:48]} Ke8
{[%clk 0:00:46]} 56. Bb5 {[%clk 0:00:55]} Kd8 {[%clk 0:00:54]} 57. Rd7+ Kc8 58.
Rxd6 {[%clk 0:00:47]} a4 {[%clk 0:01:09]} 59. Rd7 {[%clk 0:00:41]} Ra5
{[%clk 0:01:04]} 60. Rb7 {[%clk 0:00:45]} Rxb5 {[%clk 0:00:47]} 61. Rxb5
{[%clk 0:00:53]} Ne2+ {[%clk 0:00:57]} 62. Kf2 {[%clk 0:00:50]} Nc3
{[%clk 0:01:05]} 63. Rb4 {[%clk 0:00:57]} Kc7 {[%clk 0:01:10]} 64. Rc4
{[%clk 0:00:51]} Nd1+ {[%clk 0:01:01]} 65. Ke2 {[%clk 0:00:25]} g3
{[%clk 0:01:00]} 66. Rc1 {[%clk 0:00:33]} Nf2 {[%clk 0:00:47]} 67. d6+
{[%clk 0:00:37]} Kxd6 {[%clk 0:00:55]} 68. c7 {[%clk 0:00:46]} Kd5 1-0

[Event "Russiarapdwomen"]
[Site "?"]
[Date "2016.10.03"]
[Round "7.10"]
[White "Makarenko, Alexandra"]
[Black "Drozdova, Dina"]
[Result "0-1"]
[LiveChessVersion "1.4.4"]
[BlackElo "2244"]
[WhiteElo "2210"]

1. e4 {[%clk 0:15:13]} d6 {[%clk 0:15:14]} 2. d4 {[%clk 0:15:21]} Nf6
{[%clk 0:15:21]} 3. Nc3 {[%clk 0:15:11]} e5 {[%clk 0:15:27]} 4. Nf3
{[%clk 0:14:58]} Nbd7 {[%clk 0:15:35]} 5. Bc4 {[%clk 0:14:38]} Be7
{[%clk 0:15:44]} 6. O-O {[%clk 0:14:31]} O-O {[%clk 0:15:51]} 7. Qe2
{[%clk 0:14:12]} c6 {[%clk 0:15:29]} 8. Rd1 {[%clk 0:13:20]} Qc7 {[%clk 0:15:19]}
9. dxe5 {[%clk 0:11:17]} dxe5 {[%clk 0:14:14]} 10. a4 {[%clk 0:11:16]} Nc5
{[%clk 0:14:20]} 11. b3 {[%clk 0:08:13]} Bg4 {[%clk 0:14:17]} 12. h3
{[%clk 0:07:55]} Bh5 {[%clk 0:14:17]} 13. b4 {[%clk 0:05:45]} Ne6
{[%clk 0:12:20]} 14. Bxe6 {[%clk 0:05:53]} Bxb4 {[%clk 0:11:36]} 15. Na2
{[%clk 0:05:22]} Bc5 {[%clk 0:10:23]} 16. Bc4 {[%clk 0:05:02]} a6
{[%clk 0:10:09]} 17. Bb2 {[%clk 0:04:52]} Rfe8 {[%clk 0:10:12]} 18. Rab1
{[%clk 0:04:29]} b5 {[%clk 0:10:18]} 19. Bb3 {[%clk 0:04:03]} Bg6
{[%clk 0:10:11]} 20. Nd2 {[%clk 0:04:08]} Nh5 {[%clk 0:10:07]} 21. Qf3
{[%clk 0:03:00]} Nf4 {[%clk 0:10:04]} 22. Nc3 {[%clk 0:02:45]} Bh5
{[%clk 0:08:27]} 23. g4 {[%clk 0:02:53]} Bg6 {[%clk 0:08:36]} 24. Ne2
{[%clk 0:02:52]} Ne6 {[%clk 0:08:45]} 25. axb5 {[%clk 0:02:43]} axb5
{[%clk 0:08:52]} 26. h4 {[%clk 0:02:35]} f6 {[%clk 0:08:30]} 27. Ng3
{[%clk 0:02:14]} Bf7 {[%clk 0:08:35]} 28. Bxe6 {[%clk 0:02:16]} Bxe6
{[%clk 0:08:43]} 29. Nf5 {[%clk 0:01:31]} Qc8 {[%clk 0:08:20]} 30. Nb3
{[%clk 0:01:32]} Bf8 {[%clk 0:08:28]} 31. g5 {[%clk 0:01:19]} fxg5
{[%clk 0:07:02]} 32. hxg5 {[%clk 0:01:21]} Qc7 {[%clk 0:06:58]} 33. Kg2
{[%clk 0:01:18]} c5 {[%clk 0:06:27]} 34. Rh1 {[%clk 0:00:37]} c4 {[%clk 0:06:20]}
35. Nc1 {[%clk 0:00:29]} g6 {[%clk 0:04:39]} 36. Ne3 {[%clk 0:00:38]} c3
{[%clk 0:04:38]} 37. Ba1 {[%clk 0:00:17]} b4 {[%clk 0:04:45]} 38. Nd3
{[%clk 0:00:18]} Rab8 {[%clk 0:04:40]} 39. Qg3 {[%clk 0:00:21]} Bd6
{[%clk 0:04:15]} 40. Rh4 {[%clk 0:00:14]} Re7 {[%clk 0:04:13]} 41. Qh2
{[%clk 0:00:14]} Rf7 {[%clk 0:04:14]} 42. Qg1 {[%clk 0:00:16]} Rbf8
{[%clk 0:04:08]} 43. Ng4 {[%clk 0:00:15]} Bxg4 {[%clk 0:04:11]} 44. Rxg4
{[%clk 0:00:24]} Qd7 {[%clk 0:04:11]} 45. Rg3 {[%clk 0:00:31]} Qe7
{[%clk 0:04:11]} 46. Qe1 {[%clk 0:00:26]} Bc5 {[%clk 0:04:19]} 47. Nxc5
{[%clk 0:00:29]} Qxc5 {[%clk 0:04:28]} 48. f3 {[%clk 0:00:38]} Ra8
{[%clk 0:04:22]} 49. Qf2 {[%clk 0:00:35]} Qc4 {[%clk 0:04:03]} 50. Rh3
{[%clk 0:00:33]} Rd7 {[%clk 0:04:08]} 51. Qb6 {[%clk 0:00:16]} Qe2+
{[%clk 0:03:09]} 52. Kg3 {[%clk 0:00:25]} Rf7 {[%clk 0:02:55]} 53. Qf2
{[%clk 0:00:17]} Qc4 {[%clk 0:03:04]} 54. Rbh1 {[%clk 0:00:18]} Rd8
{[%clk 0:02:55]} 55. Qb6 {[%clk 0:00:25]} Rdf8 {[%clk 0:03:00]} 56. Qxg6+
{[%clk 0:00:27]} Rg7 {[%clk 0:02:55]} 57. Qh5 {[%clk 0:00:24]} Qe2
{[%clk 0:02:35]} 58. Qg4 {[%clk 0:00:13]} Rgf7 {[%clk 0:02:18]} 59. Kh4
{[%clk 0:00:12]} Rf4 {[%clk 0:02:26]} 60. Kg3 {[%clk 0:00:13]} Rxf3+
{[%clk 0:02:10]} 61. Kh4 {[%clk 0:00:15]} R3f4 {[%clk 0:02:19]} 62. Rg3
{[%clk 0:00:18]} Qf2 {[%clk 0:02:01]} 63. Kh5 {[%clk 0:00:21]} Rxg4
{[%clk 0:01:59]} 64. Rxg4 {[%clk 0:00:27]} Qf3 {[%clk 0:02:07]} 65. Rhg1
{[%clk 0:00:21]} Rf4 {[%clk 0:02:07]} 66. g6 {[%clk 0:00:17]} Qh3+
{[%clk 0:01:54]} 67. Kg5 {[%clk 0:00:22]} h6# {[%clk 0:02:02]} 0-1

[Event "Russiarapdwomen"]
[Site "?"]
[Date "2016.10.03"]
[Round "10.12"]
[White "Gubernatorova, Lyudmila"]
[Black "Nechaeva, Marina"]
[Result "0-1"]
[LiveChessVersion "1.4.4"]
[BlackElo "2425"]
[WhiteElo "2165"]

1. d4 {[%clk 0:15:19]} Nf6 {[%clk 0:15:19]} 2. c4 {[%clk 0:15:27]} c5
{[%clk 0:15:28]} 3. d5 {[%clk 0:15:35]} b5 {[%clk 0:15:37]} 4. Nd2
{[%clk 0:15:28]} Qa5 {[%clk 0:14:44]} 5. Qc2 {[%clk 0:15:00]} g6 {[%clk 0:14:18]}
6. e4 {[%clk 0:15:04]} bxc4 {[%clk 0:14:10]} 7. Bxc4 {[%clk 0:15:03]} d6
{[%clk 0:14:19]} 8. f4 {[%clk 0:14:03]} Bg7 {[%clk 0:14:07]} 9. Ngf3
{[%clk 0:13:57]} O-O {[%clk 0:14:15]} 10. O-O {[%clk 0:13:59]} Nbd7
{[%clk 0:13:34]} 11. Rb1 {[%clk 0:11:35]} Nb6 {[%clk 0:13:08]} 12. a3
{[%clk 0:10:43]} Nxc4 {[%clk 0:13:09]} 13. Nxc4 {[%clk 0:10:44]} Qc7
{[%clk 0:13:08]} 14. Bd2 {[%clk 0:10:09]} e6 {[%clk 0:10:13]} 15. e5
{[%clk 0:09:26]} Ne8 {[%clk 0:09:53]} 16. dxe6 {[%clk 0:08:34]} Bxe6
{[%clk 0:09:56]} 17. exd6 {[%clk 0:07:02]} Nxd6 {[%clk 0:10:03]} 18. Ba5
{[%clk 0:06:52]} Qc6 {[%clk 0:08:54]} 19. Nfe5 {[%clk 0:05:02]} Qa6
{[%clk 0:09:00]} 20. Nxd6 {[%clk 0:04:53]} Qxa5 {[%clk 0:08:33]} 21. Rbc1
{[%clk 0:03:49]} Qb6 {[%clk 0:06:55]} 22. Ndc4 {[%clk 0:03:48]} Qc7
{[%clk 0:06:52]} 23. Kh1 {[%clk 0:03:51]} Rab8 {[%clk 0:05:35]} 24. Qf2
{[%clk 0:03:46]} Rfd8 {[%clk 0:04:55]} 25. h3 {[%clk 0:03:38]} Rd4
{[%clk 0:03:54]} 26. Rfd1 {[%clk 0:03:19]} Rxd1+ {[%clk 0:03:18]} 27. Rxd1
{[%clk 0:03:26]} f6 {[%clk 0:03:24]} 28. f5 {[%clk 0:01:47]} Bxf5
{[%clk 0:02:29]} 29. Nf3 {[%clk 0:01:53]} Be6 {[%clk 0:02:30]} 30. Rc1
{[%clk 0:01:31]} Qf4 {[%clk 0:02:06]} 31. Ncd2 {[%clk 0:00:32]} Rxb2
{[%clk 0:01:59]} 32. Qxc5 {[%clk 0:00:31]} Bf8 {[%clk 0:01:29]} 33. Qc3
{[%clk 0:00:27]} Ra2 {[%clk 0:01:29]} 34. Re1 {[%clk 0:00:29]} Rxa3
{[%clk 0:01:28]} 35. Qc6 {[%clk 0:00:21]} Bf7 {[%clk 0:01:25]} 36. Ne4
{[%clk 0:00:23]} Kg7 {[%clk 0:00:55]} 37. Qd7 {[%clk 0:00:22]} Re3
{[%clk 0:00:44]} 38. Rxe3 {[%clk 0:00:17]} Qxe3 {[%clk 0:00:53]} 39. Ng3 0-1